000 04371nam a22004097a 4500
005 20081030110339.0
010 _aHIN-84545
020 _a9788126715930
_c350.00
035 _aHN-56891
035 _aB-400431-42
037 _bDBAD / PUB
037 _bराजकमल प्रकाशन/ PUB
082 _a420
100 _aमिश्र, विद्यानिवास
_922489
245 _aहिन्दी की शब्द-सम्पदा:
_cविद्यानिवास मिश्र
_b(विविध व्यवहार क्षेत्रों में हिन्दी की अभिव्यक्ति-क्षमता की एक मनमौजी साहित्यिक पैमाइश) /
246 _aHindi ki Shabda Sampadaa
_bby Vidyaniwas Mishra
260 _aनई दिल्ली
_bराजकमल प्रकाशन
_c2008
270 _a1-बी, नेताजी सुभाष मार्ग
_bनई दिल्ली
_e110002
300 _a291पृ
_c22सेमी (सजिल्द)
650 _aहिन्दी भाषा
_xशब्दकोश
_922490
650 _aHIndi language
_xDictionary
_922491
942 _2ddc
_cHN
_mमिश्रवि
_h420
999 _c17304
_d17304